Soft handronic interactions /
Saved in:
| 主要作者: | |
|---|---|
| 格式: | Thesis 圖書 |
| 語言: | English |
| 出版: |
1984.
|
| 主題: | |
| 標簽: |
添加標簽
沒有標簽, 成為第一個標記此記錄!
|
| LEADER | 00698cam a2200229 a 4500 | ||
|---|---|---|---|
| 001 | u47410 | ||
| 003 | SIRSI | ||
| 008 | 851126s1984 si v 00 1 eng m | ||
| 035 | |a AAF-1059 | ||
| 040 | |a UMM | ||
| 090 | |a QC793.5 |b H328Chu | ||
| 100 | 1 | 0 | |a Chua, Boon Wee. |
| 245 | 1 | 0 | |a Soft handronic interactions / |c Chua Boon Wee. |
| 260 | |c 1984. | ||
| 300 | |a v, 101 leaves : |b ill. ; |c 30cm. | ||
| 500 | |a Cover title. | ||
| 502 | |a Dissertation (M.Sc.) -- National University of Singapore, 1984. | ||
| 504 | |a Bibliography: leaves 97-101. | ||
| 650 | 0 | |a Hadron interactions. | |
| 948 | |a 16/03/1991 |b 14/08/2002 | ||
| 596 | |a 1 | ||
| 999 | |a QC793.5 H328CHU |w LC |c 1 |i A002745015 |l STACKS |m P01UTAMA |r Y |s Y |t TESIS |u 10/1/1992 | ||
